関西本線の駅 - Statistics

General Stats
  • This quiz has been taken 20 times
  • The average score is 31 of 50
Answer Stats
Hint Answer % Correct
愛知県 名古屋
100%
四日市
95%
亀山
95%
奈良
95%
JR難波
95%
桑名
89%
柘植
89%
天王寺
89%
新今宮
89%
今宮
89%
木津
84%
久宝寺
84%
伊賀上野
79%
加茂
79%
奈良県 平城山
79%
郡山
79%
王寺
79%
八田
74%
弥富
74%
法隆寺
74%
八尾
74%
東部市場前
74%
68%
三重県 長島
63%
京都府 月ケ瀬口
63%
笠置
63%
大和小泉
63%
柏原
63%
蟹江
58%
富田
58%
三郷
58%
平野
58%
朝日
53%
南四日市
53%
河原田
53%
加太
53%
加美
53%
春田
42%
大阪府 河内堅上
42%
富田浜
37%
大河原
32%
新堂
26%
佐那具
26%
島ケ原
26%
高井田
26%
永和
21%
河曲
21%
志紀
21%
加佐登
11%
井田川
11%
No matching quizzes found
Score Distribution
Percent of People with Each Score
Percentile by Number Answered
Your Score History
You have not taken this quiz